Normal view
MARC view
Entry Topical Term
001 - CONTROL NUMBER
- control field: 54882
003 - CONTROL NUMBER IDENTIFIER
- control field: OSt
005 - DATE AND TIME OF LATEST TRANSACTION
- control field: 20241004143559.0
008 - FIXED-LENGTH DATA ELEMENTS
- fixed length control field: 241004|| aca||aabn | a|a d
040 ## - CATALOGING SOURCE
- Original cataloging agency: OSt
- Transcribing agency: OSt
150 ## - HEADING--TOPICAL TERM
- Topical term or geographic name entry element: ကုံလုံဆရာတော်ဘုရားကြီး
- General subdivision: ထေရုပ္ပတ္တိ
670 ## - SOURCE DATA FOUND
- Source citation: Work cat.: (OSt)15025: မြတ်ပွင့်ဖြူ 16268, ဂဠုန်တောင်မှကုံလုံဆရာတော်ဘုရားကြီး၏ထေရုပ္ပတ္တိအကျဉ်း /, ၁၉၉၀ ။